| 000 | 00383nam a2200121Ia 4500 | ||
|---|---|---|---|
| 003 | GCL | ||
| 008 | 140319s9999 xx 000 0 ara d | ||
| 040 |
_aGCL / _cGCL |
||
| 082 | 0 | 4 |
_a813.03 _bع م |
| 100 | 1 | _aعبدالغفار مكاوى | |
| 245 | 1 | 0 |
_aمحاكمة جلجاميش فى عشر لوحات درامية / _cعبدالغفار مكاوى |
| 490 |
_aكتاب الهلال _v0 |
||
| 999 |
_c47551 _d47551 |
||